[Event "Zonale 2.4"]
[Site "San Paolo BRA"]
[Date "2007.06.17"]
[Round "2"]
[White "Vescovi, Giovanni"]
[Black "Leitao, Rafael"]
[Result "1/2-1/2"]
[WhiteElo "2609"]
[BlackElo "2603"]
[PlyCount "75"]
[EventDate "2007.06.16"]
[Source "www.chesslib.no"]
[SourceDate "2004.05.04"]

1. d4 Nf6 2. c4 c5 3. d5 d6 4. Nc3 g6 5. e4 Bg7 6. Be2 O-O 7. h4 b5 8. cxb5 a6 9. b6 Qxb6 10. Nh3 h5 11. Ng5 Nbd7 12. O-O Ne5 13. Na4 Qc7 14. Bf4 Nh7 15. Rc1 Nxg5 16. hxg5 Rb8 17. Bd2 a5 18. b3 Bd7 19. Rc2 Qa7 20. Qc1 Rfc8 21. Qa3 Bg4 22. Bxg4 hxg4 23. Nb2 g3 24. Nc4 Ng4 25. Be3 gxf2+ 26. Bxf2 Nxf2 27. Kxf2 Qd7 28. Kg3 e6 29. Rcf2 Rf8 30. Qxa5 exd5 31. exd5 Rb4 32. Qa3 Rxc4 33. bxc4 Be5+ 34. Kf3 Qf5+ 35. Ke2 Qc2+ 36. Kf3 Qf5+ 37. Ke2 Qc2+ 38. Kf3 1/2-1/2

[Event "Minsk (m/2) 74/577"]
[Site "?"]
[Date "1998.??.??"]
[Round "?"]
[White "Aleksandrov, Aleksej"]
[Black "Fedorov, Alexei"]
[Result "0-1"]
[WhiteElo "2595"]
[BlackElo "2600"]
[PlyCount "84"]
[Source "ChessBase"]
[SourceDate "1998.10.01"]

1. d4 Nf6 2. c4 g6 3. Nc3 Bg7 4. e4 d6 5. Be2 O-O 6. g4 a6 7. a4 a5 8. h4 Nc6 9. d5 Nb4 10. g5 Nd7 11. h5 Nc5 12. Nh3 e6 13. Be3 exd5 14. cxd5 Qe7 15. f3 Bd7 16. Nf2 c6 17. Bc4 Rab8 18. hxg6 hxg6 19. Kf1 b5 20. dxc6 bxc4 21. cxd7 Ncd3 22. Ng4 f5 23. Nh6+ Bxh6 24. Rxh6 Qg7 25. Kg2 fxe4 26. fxe4 Nc6 27. Rb1 Nce5 28. Nd5 Qxd7 29. Qe2 Ng4 30. Ne7+ Qxe7 31. Qxg4 Nf4+ 32. Kg1 Qxe4 33. Re1 Rxb2 34. Rxg6+ Qxg6 35. Bxf4 Rb1 36. Bc1 Qf7 37. Qe2 c3 38. Kg2 Ra1 39. g6 Qxg6+ 40. Kh1 Rxa4 41. Bg5 Qxg5 42. Qe6+ Kh8 0-1

[Event "Europa ch 2008"]
[Site "Plovdiv BUL"]
[Date "2008.05.01"]
[Round "10.24"]
[White "Vitiugov, Nikita"]
[Black "Lopez Martinez, Josep Manuel"]
[Result "1-0"]
[WhiteElo "2617"]
[BlackElo "2575"]
[PlyCount "81"]
[EventDate "2008.04.21"]
[Source "www.chesslib.no"]
[SourceDate "2004.05.04"]

1. d4 Nf6 2. c4 g6 3. Nc3 Bg7 4. e4 d6 5. Be2 c6 6. Nf3 O-O 7. O-O e5 8. Re1 Na6 9. Bg5 h6 10. Bh4 exd4 11. Nxd4 Re8 12. Bf1 Nc5 13. Qc2 g5 14. Bg3 Nh5 15. Rad1 Nxg3 16. hxg3 Qb6 17. Kh1 a5 18. f4 a4 19. a3 Ra5 20. Nf3 gxf4 21. gxf4 Bxc3 22. bxc3 Qb3 23. Bd3 Bg4 24. f5 Kg7 25. Qc1 Nd7 26. Qf4 Nf6 27. Rc1 Qxa3 28. Nh2 Bxf5 29. exf5 Rxe1+ 30. Rxe1 Qxc3 31. Qg3+ Kh7 32. Re7 Qc1+ 33. Nf1 Qg5 34. Qxg5 hxg5 35. Rxf7+ Kg8 36. Rxf6 a3 37. Bb1 a2 38. Bxa2 Rxa2 39. Rxd6 Rc2 40. Ne3 Rc3 41. Re6 1-0

[Event "Chicago USA"]
[Site "?"]
[Date "2006.05.28"]
[Round "6"]
[White "Becerra Rivero Julio"]
[Black "Ehlvest Jaan"]
[Result "1-0"]
[WhiteElo "2565"]
[BlackElo "2607"]
[PlyCount "48"]
[EventDate "2006.??.??"]
[Source "www.chesslib.no"]
[SourceDate "2004.05.04"]

1. e4 g6 2. d4 d6 3. c4 Bg7 4. Nc3 Nf6 5. Be2 Na6 6. Nf3 O-O 7. O-O e5 8. Be3 Ng4 9. Bg5 Qe8 10. c5 dxc5 11. Bxa6 exd4 12. Nd5 bxa6 13. Rc1 Rb8 14. Rxc5 h6 15. Bf4 Rxb2 16. h3 c6 17. Rxc6 Qxe4 18. Rc5 Bb7 19. Nd2 Qe6 20. Re1 Ne3 21. Nxe3 dxe3 22. Bxe3 Qxa2 23. Nf1 Rb6 24. Qd7 Bc8 1-0

[Event "56th ch-RUS"]
[Site "Krasnoyarsk"]
[Date "2003.09.10"]
[Round "7"]
[White "Sakaev, Konstantin"]
[Black "Bachin, Vitaly"]
[Result "1-0"]
[WhiteElo "2655"]
[BlackElo "2472"]
[PlyCount "115"]
[EventDate "2003.09.03"]
[Source "Roberto Alvarez"]
[SourceDate "2003.09.15"]

1. d4 Nf6 2. c4 c5 3. d5 e5 4. Nc3 d6 5. e4 g6 6. Be2 Bg7 7. Be3 O-O 8. h4 a6 9. g4 Nbd7 10. h5 Rb8 11. a4 Qa5 12. f3 Ne8 13. Bd3 f6 14. h6 Bh8 15. Nge2 Rf7 16. Bd2 Nf8 17. Ng3 Qd8 18. a5 b6 19. axb6 Qxb6 20. Ra2 Rfb7 21. Bc2 Qd8 22. b3 Nc7 23. Nce2 Qe7 24. Kf2 Ne8 25. Nc1 f5 26. exf5 Bf6 27. fxg6 hxg6 28. Ne4 Nh7 29. Kg2 Qf8 30. Ne2 Bd8 31. N2g3 Kh8 32. Qe2 Rxb3 33. Bxb3 Rxb3 34. Qd1 Rb8 35. Qc2 Ra8 36. Rb1 a5 37. Rba1 Ra7 38. Bxa5 Bh4 39. Be1 Rf7 40. Ra8 Bd7 41. Qe2 Ng5 42. Nxg5 Bxg5 43. Ne4 Bxh6 44. Bg3 Bf4 45. Bxf4 Rxf4 46. Rh1+ Kg8 47. Rh3 Qe7 48. Qe1 Rxe4 49. Qxe4 Qg5 50. f4 Qf6 51. fxe5 Qg5 52. e6 Qd2+ 53. Kg1 Qc1+ 54. Kf2 Qd2+ 55. Kg1 Qc1+ 56. Kf2 Qd2+ 57. Qe2 Qf4+ 58. Kg2 1-0

[Event "US op"]
[Site "?"]
[Date "1999.??.??"]
[Round "?"]
[White "Hoffman Alejandro"]
[Black "Fedorowicz John P"]
[Result "1/2-1/2"]
[WhiteElo "2547"]
[BlackElo "2574"]
[PlyCount "79"]
[EventDate "1999.??.??"]
[Source "www.chesslib.no"]
[SourceDate "2004.05.04"]

1. d4 Nf6 2. c4 g6 3. Nc3 Bg7 4. e4 d6 5. Be2 O-O 6. g4 Na6 7. g5 Nd7 8. h4 e5 9. d5 f5 10. gxf6 Nxf6 11. h5 gxh5 12. Bxh5 c6 13. Bf3 cxd5 14. cxd5 b5 15. Be3 b4 16. Nb1 Nc5 17. Bxc5 dxc5 18. Nd2 Ne8 19. Rc1 Qb6 20. Nc4 Qa6 21. Be2 Qg6 22. Qd3 Ba6 23. Qe3 Bxc4 24. Rxc4 Nd6 25. Rxc5 Qxe4 26. Qxe4 Nxe4 27. Rc4 Nd6 28. Rxb4 Rab8 29. Rxb8 Rxb8 30. b3 Rc8 31. Kd2 Rc5 32. Bg4 Rxd5+ 33. Ke3 Kh8 34. Ne2 Bf6 35. Rh5 Rd1 36. Nc3 Re1+ 37. Kd2 Ra1 38. Be2 Bg5+ 39. Kd3 h6 40. Rh3 1/2-1/2

[Event "URS-FL"]
[Site "Ashkhabad"]
[Date "1978.??.??"]
[Round "9"]
[White "Tukmakov, Vladimir B"]
[Black "Savon, Vladimir A"]
[Result "1/2-1/2"]
[WhiteElo "2570"]
[BlackElo "2550"]
[PlyCount "57"]
[EventDate "1978.10.??"]
[Source "ChessBase"]

1. d4 Nf6 2. c4 c5 3. d5 e5 4. Nc3 d6 5. e4 g6 6. Be2 Bg7 7. Bg5 a6 8. a4 Nbd7 9. Ra3 h6 10. Bd2 h5 11. Qc1 Ng8 12. Nf3 Bh6 13. Ng5 Qe7 14. a5 f6 15. Nf3 Rb8 16. O-O Kf7 17. Ne1 Kg7 18. Nd3 Bxd2 19. Qxd2 Nh6 20. Rb1 b5 21. axb6 Nxb6 22. b3 f5 23. Qa2 Nd7 24. Ra4 fxe4 25. Nxe4 Nf6 26. Nxf6 Qxf6 27. f3 Nf5 28. Nf2 Qg5 29. Bf1 1/2-1/2

[Event "Swidnica"]
[Site "Swidnica"]
[Date "1999.03.30"]
[Round "7"]
[White "Yakovich, Yuri"]
[Black "Gritsak, Orest"]
[Result "1/2-1/2"]
[WhiteElo "2565"]
[BlackElo "2521"]
[PlyCount "118"]
[EventDate "1999.03.??"]
[Source "ChessBase"]
[SourceDate "1999.08.01"]

1. d4 g6 2. e4 Bg7 3. c4 d6 4. Nc3 Nf6 5. Be2 Na6 6. Nf3 O-O 7. O-O c6 8. Be3 Ng4 9. Bg5 f6 10. Bd2 e5 11. h3 Nh6 12. Qc2 Nf7 13. Rad1 f5 14. dxe5 dxe5 15. a3 Qf6 16. b4 Nc7 17. c5 Ne6 18. Bc4 Kh8 19. Ne2 Nfg5 20. Nxg5 Nxg5 21. f3 f4 22. Be1 Rd8 23. Rxd8+ Qxd8 24. Bf2 Nxh3+ 25. Kh2 Nxf2 26. Rxf2 Bf6 27. Qc3 Qe7 28. Rf1 Bd7 29. Rd1 Rf8 30. Rd6 Bc8 31. Qb3 Bh4 32. Be6 Bf2 33. Bxc8 Rxc8 34. Qe6 Re8 35. Qxe7 Rxe7 36. Nc1 Bd4 37. Nd3 Bc3 38. Kg1 a5 39. Kf1 Kg7 40. Ke2 axb4 41. axb4 g5 42. b5 cxb5 43. Rb6 Rc7 44. Rxb5 Bd4 45. Rb6 Bxc5 46. Nxc5 Rxc5 47. Rxb7+ Kg6 48. Kf2 Rc2+ 49. Kf1 h6 50. Rb6+ Kh5 51. Re6 Ra2 52. Kg1 g4 53. fxg4+ Kxg4 54. Rxh6 Kg3 55. Rh3+ Kg4 56. Rh8 Re2 57. Rg8+ Kh5 58. Kf1 Rxe4 59. g3 fxg3 1/2-1/2

[Event "It \"]
[Site "Basel (Switzerland)"]
[Date "2007.01.06"]
[Round "6"]
[White "Gonda Laszlo (HUN)"]
[Black "Vajda Levente (ROM)"]
[Result "0-1"]
[WhiteElo "2511"]
[BlackElo "2545"]
[PlyCount "56"]
[EventDate "2007.??.??"]
[Source "www.chesslib.no"]
[SourceDate "2004.05.04"]

1. d4 g6 2. c4 Bg7 3. e4 d6 4. Nc3 Nf6 5. Be2 O-O 6. g4 c5 7. d5 e6 8. g5 Ne8 9. h4 exd5 10. exd5 Nc7 11. h5 Re8 12. Qd3 Bf5 13. Qg3 Nd7 14. hxg6 Bxg6 15. Nh3 Qe7 16. Nf4 b5 17. Kf1 bxc4 18. Qh4 Rab8 19. Nxg6 hxg6 20. Bf3 Ne5 21. Bg2 Nd3 22. Ne4 Nxd5 23. Kg1 Qe5 24. Bd2 Rxb2 25. Bc3 Nxc3 26. Nf6+ Bxf6 27. gxf6 Ne2+ 28. Kf1 Ng3+ 0-1

[Event "2.BLW9697 Plettenber"]
[Site "2.BLW9697 Plettenber"]
[Date "1996.??.??"]
[Round "?"]
[White "Levin, Felix"]
[Black "Dydyshko, Viacheslav"]
[Result "1/2-1/2"]
[WhiteElo "2480"]
[BlackElo "2575"]
[PlyCount "29"]
[EventDate "1996.??.??"]
[Source "www.chesslib.no"]
[SourceDate "2004.05.04"]

1. d4 Nf6 2. c4 g6 3. Nc3 Bg7 4. e4 d6 5. Be2 Nxe4 6. Bg5 Rf8 7. f3 a6 8. fxe4 c5 9. Bf6 b6 10. a3 Nc6 11. Bf3 b5 12. Be5 Nxe5 13. h3 d5 14. Qa4 cxd4 15. g3 1/2-1/2

[Event "Manila (ol)"]
[Site "?"]
[Date "1992.??.??"]
[Round "?"]
[White "Hort, V."]
[Black "Lanka, Z."]
[Result "0-1"]
[WhiteElo "2560"]
[BlackElo "2490"]
[PlyCount "78"]
[EventDate "1992.??.??"]
[Source "ChessBase"]
[SourceDate "1992.06.01"]

1. d4 Nf6 2. c4 g6 3. Nc3 Bg7 4. e4 d6 5. Be2 O-O 6. g4 a6 7. g5 Nfd7 8. Be3 c5 9. d5 b5 10. Nf3 Nb6 11. cxb5 axb5 12. Bxb5 Ba6 13. Qe2 Na4 14. Bd2 Nxc3 15. bxc3 Bxb5 16. Qxb5 e6 17. O-O exd5 18. exd5 Qc8 19. Nh4 Qh3 20. Ng2 Nd7 21. f4 Rab8 22. Qe2 Rb2 23. Rfb1 Bxc3 24. Rxb2 Bxb2 25. Rb1 Bd4+ 26. Be3 Re8 27. Rb3 Qf5 28. Qc4 Rxe3 29. Nxe3 Qxf4 30. Qe2 c4 31. Ra3 c3 32. Kg2 Bxe3 33. Rxc3 Qxg5+ 34. Kh3 Bc5 35. Qe8+ Kg7 36. Qxd7 Qh5+ 37. Kg2 Qe2+ 38. Kh3 Qf1+ 39. Kh4 Qf6+ 0-1

[Event "Mind Sports Games - Rapid Team"]
[Site "Pechino CINA"]
[Date "2008.10.15"]
[Round "4"]
[White "Gonzalez Garcia, J2."]
[Black "Perelshteyn, E."]
[Result "0-1"]
[WhiteElo "2508"]
[BlackElo "2536"]
[PlyCount "74"]
[EventDate "2008.10.14"]
[Source "www.chesslib.no"]
[SourceDate "2004.05.04"]

1. d4 Nf6 2. c4 g6 3. Nc3 Bg7 4. e4 d6 5. Be2 Na6 6. Nf3 O-O 7. O-O e5 8. Re1 Bg4 9. Be3 Bxf3 10. Bxf3 exd4 11. Bxd4 Nb4 12. c5 Nc6 13. Be3 dxc5 14. Bxc5 Re8 15. e5 Nd7 16. Bxc6 bxc6 17. Ba3 Nxe5 18. Qa4 Qg5 19. Re3 Qf5 20. Rae1 Re6 21. f4 Nd3 22. Rxe6 fxe6 23. Re4 Rd8 24. Qc4 Bxc3 25. bxc3 Qd5 26. Rd4 Qxc4 27. Rxc4 Rd5 28. Ra4 e5 29. fxe5 Rxe5 30. h3 Re2 31. Rd4 Ne5 32. Rd8+ Kf7 33. Rc8 Rxa2 34. Rxc7+ Ke6 35. Rxa7 Nd3 36. Ra5 Nf4 37. g3 Ne2+ 0-1

[Event "Cap d'Agde-B"]
[Site "Cap d'Agde"]
[Date "1998.10.26"]
[Round "3"]
[White "Dao Thien Hai"]
[Black "Mohamed, Esam Ahmed Nagib"]
[Result "1-0"]
[WhiteElo "2580"]
[BlackElo "2455"]
[PlyCount "122"]
[EventDate "1998.10.??"]
[Source "www.chesslib.no"]
[SourceDate "2004.05.04"]

1. d4 Nf6 2. c4 g6 3. Nc3 Bg7 4. e4 d6 5. Be2 O-O 6. h4 c5 7. d5 b5 8. cxb5 a6 9. bxa6 Qa5 10. Bd2 Bxa6 11. Nf3 Nbd7 12. O-O Bxe2 13. Qxe2 Rfb8 14. Rab1 Qa6 15. Qxa6 Rxa6 16. b3 Ne8 17. a4 Nc7 18. Ne2 Nf6 19. Ng3 h5 20. Rfc1 Nfe8 21. Bg5 Kf8 22. Nd2 Na8 23. Ne2 Nb6 24. Be3 Nd7 25. Nc3 Nc7 26. Kf1 Bf6 27. g3 Ne5 28. Ke2 Rb4 29. f3 Rb7 30. Nd1 Nd7 31. Nf2 Ra8 32. Nd3 Na6 33. f4 Nb4 34. Nxb4 Rxb4 35. Rc4 Rbb8 36. Rc2 Rb4 37. Rbc1 Nb6 38. Ra2 Ra5 39. Bf2 Ra6 40. Rcc2 Bg7 41. Ra3 Ke8 42. Kd3 Kd7 43. a5 Na8 44. Rc4 Rb5 45. Rca4 Bb2 46. Ra2 Bg7 47. Kc4 Nc7 48. b4 Rxb4+ 49. Rxb4 cxb4 50. Kxb4 e6 51. dxe6+ fxe6 52. Bb6 d5 53. Rc2 Bf8+ 54. Ka4 Ne8 55. e5 Be7 56. Nb3 Ra8 57. Kb5 Rb8 58. Nd4 Bd8 59. Rc6 Nc7+ 60. Ka4 Na6 61. Rd6+ Ke7 1-0

[Event "MK Cafe Cup-A"]
[Site "Koszalin"]
[Date "1999.08.06"]
[Round "4"]
[White "Schmidt, Wlodzimierz"]
[Black "Sutovsky, Emil"]
[Result "1/2-1/2"]
[WhiteElo "2436"]
[BlackElo "2587"]
[PlyCount "85"]
[EventDate "1999.08.03"]
[Source "ChessBase"]
[SourceDate "1999.12.01"]

1. d4 Nf6 2. c4 g6 3. Nc3 Bg7 4. e4 d6 5. Be2 Na6 6. Nf3 O-O 7. O-O e5 8. Bg5 h6 9. Bh4 Qe8 10. Bxf6 Bxf6 11. c5 exd4 12. Nd5 Bd8 13. Bxa6 c6 14. Qxd4 dxc5 15. Nf6+ Bxf6 16. Qxf6 bxa6 17. Qf4 Kh7 18. Rfc1 f5 19. Rxc5 fxe4 20. Qe3 Rf5 21. Rc4 Rf6 22. Rxe4 Re6 23. Ne5 Qe7 24. Re1 Qg7 25. Nxc6 Rxe4 26. Qxe4 Bd7 27. Ne5 Re8 28. f4 Bf5 29. Qd4 Qc7 30. Rd1 Rc8 31. h3 Qb7 32. Kh2 Rc7 33. Rd2 a5 34. Qd8 Rg7 35. Qxa5 Qe4 36. Rf2 g5 37. fxg5 Rxg5 38. Nf7 Rxg2+ 39. Rxg2 Qf4+ 40. Kg1 Qe3+ 41. Rf2 Qg3+ 42. Rg2 Qe3+ 43. Rf2 1/2-1/2

[Event "Pula PCA Open"]
[Site "Pula CRO"]
[Date "1994.??.??"]
[Round "?"]
[White "Shneider, Aleksandr"]
[Black "Vukovic, Zdravko"]
[Result "1-0"]
[WhiteElo "2570"]
[BlackElo "2435"]
[PlyCount "69"]
[EventDate "1994.10.??"]
[Source "www.chesslib.no"]
[SourceDate "2004.05.04"]

1. d4 g6 2. c4 Bg7 3. Nc3 d6 4. e4 Nf6 5. Be2 c6 6. Nf3 O-O 7. O-O Bg4 8. Bg5 Qc7 9. h3 Bxf3 10. Bxf3 e5 11. d5 c5 12. Nb5 Qe7 13. a3 h6 14. Be3 Ne8 15. b4 b6 16. bxc5 bxc5 17. Rb1 Nd7 18. Nc3 Nb6 19. Qd3 f5 20. a4 f4 21. Bd2 Nf6 22. a5 Nc8 23. Rb3 g5 24. Rfb1 a6 25. Qe2 Qe8 26. Bg4 Nxg4 27. Qxg4 Kh8 28. Rb7 Ra7 29. Rxa7 Nxa7 30. Rb6 h5 31. Qe6 Nc8 32. Qxe8 Rxe8 33. Rxa6 Bf6 34. Nb5 Rd8 35. Rc6 1-0

[Event "Bar"]
[Site "?"]
[Date "1977.10.18"]
[Round "6"]
[White "Forintos Gyozo V"]
[Black "Quinteros Miguel Angel"]
[Result "1/2-1/2"]
[WhiteElo "2450"]
[BlackElo "2555"]
[PlyCount "74"]
[EventDate "1977.??.??"]
[Source "www.chesslib.no"]
[SourceDate "2004.05.04"]

1. d4 Nf6 2. c4 c5 3. d5 e5 4. Nc3 d6 5. e4 g6 6. Be2 Bg7 7. h4 h5 8. Bg5 a6 9. f3 Nbd7 10. Qa4 Rb8 11. Nh3 Bh6 12. g3 Kf8 13. Qc2 Qa5 14. Bxh6+ Rxh6 15. a4 Rh8 16. O-O Kg7 17. Ng5 Qd8 18. Rf2 Nh7 19. f4 Nxg5 20. fxg5 f6 21. Qd2 fxg5 22. Qxg5 Qxg5 23. hxg5 Rf8 24. Raf1 Rxf2 25. Rxf2 b6 26. Kh2 Bb7 27. Kh3 Nf8 28. Kh4 Nh7 29. Rf1 Rf8 30. Rxf8 Nxf8 31. g4 hxg4 32. Bxg4 Kf7 33. Nd1 Ke7 34. Ne3 Kd8 35. b3 Bc8 36. Bxc8 Kxc8 37. Ng4 Kd7 1/2-1/2

[Event "BL2-W9899"]
[Site "Germany"]
[Date "1998.11.22"]
[Round "2.1"]
[White "Aleksandrov, Aleksej"]
[Black "Bastian, Herbert"]
[Result "1-0"]
[WhiteElo "2615"]
[BlackElo "2380"]
[PlyCount "71"]
[EventDate "1998.10.??"]
[Source "www.chesslib.no"]
[SourceDate "2004.05.04"]

1. d4 Nf6 2. c4 g6 3. Nc3 Bg7 4. e4 d6 5. Be2 Nbd7 6. Bg5 h6 7. Be3 O-O 8. Qd2 Kh7 9. h4 e5 10. h5 g5 11. d5 Nc5 12. f3 g4 13. b4 Na6 14. Nb5 Rg8 15. Nxa7 Bd7 16. Bd3 Qb8 17. Nb5 c6 18. Na3 c5 19. b5 Nb4 20. Nb1 Ra4 21. Ne2 Qa7 22. Nec3 Nxd3+ 23. Qxd3 Rb4 24. a3 Rb2 25. Nd2 gxf3 26. gxf3 Bf8 27. Kd1 Rg3 28. Kc1 Rxd2 29. Bxd2 Bg4 30. Rf1 Bh3 31. Re1 Bg2 32. Rg1 Nxh5 33. Kb2 Bg7 34. Qc2 f5 35. Be1 fxe4 36. Bxg3 1-0

[Event "Villa Ballester op"]
[Site "Villa Ballester"]
[Date "2000.??.??"]
[Round "8"]
[White "Hoffman, Alejandro"]
[Black "Sorin, Ariel"]
[Result "0-1"]
[WhiteElo "2491"]
[BlackElo "2502"]
[PlyCount "66"]
[EventDate "2000.??.??"]
[Source "www.chesslib.no"]
[SourceDate "2004.05.04"]

1. d4 Nf6 2. c4 g6 3. Nc3 Bg7 4. e4 d6 5. Be2 O-O 6. g4 c5 7. d5 e6 8. g5 Ne8 9. h4 exd5 10. cxd5 f5 11. gxf6 Nxf6 12. h5 gxh5 13. Nh3 Ng4 14. Bg5 Nxf2 15. Qd2 Bf6 16. Rg1 Bg4 17. Bxg4 Nxg4 18. O-O-O Nd7 19. Rdf1 Kh8 20. Bxf6+ Rxf6 21. Ng5 Nde5 22. Ne6 Qe7 23. Qe2 a6 24. Kb1 Rg8 25. Nd1 h4 26. Ne3 Nxe3 27. Qxe3 Rxg1 28. Rxg1 Qf7 29. Qh3 h6 30. a3 Ng6 31. Ka1 Rf2 32. e5 Nxe5 33. Rg7 Qf3 0-1

[Event "ch"]
[Site "Tivat ch"]
[Date "1994.??.??"]
[Round "?"]
[White "Miladinovic, Igor"]
[Black "Barlov, Dragan"]
[Result "1-0"]
[WhiteElo "2480"]
[BlackElo "2500"]
[PlyCount "110"]
[EventDate "1994.??.??"]
[Source "www.chesslib.no"]
[SourceDate "2004.05.04"]

1. c4 Nf6 2. Nc3 g6 3. d4 Bg7 4. e4 O-O 5. Be2 d6 6. h4 e5 7. dxe5 dxe5 8. Qc2 Nc6 9. Be3 Nd4 10. Qd2 c6 11. O-O-O Ng4 12. Bxg4 Bxg4 13. f3 Be6 14. b3 Qa5 15. Na4 Qc7 16. Nc5 Rfd8 17. Qf2 Bc8 18. h5 Qa5 19. Na4 b5 20. Bd2 Qa6 21. cxb5 cxb5 22. Nc3 b4 23. Qh4 Be6 24. hxg6 Qd3 25. Qxh7+ Kf8 26. Qxg7+ Kxg7 27. Bh6+ Kxg6 28. Rxd3 Nxb3+ 29. Kc2 Na1+ 30. Kd2 bxc3+ 31. Kxc3 Rac8+ 32. Kd2 Rc2+ 33. Ke3 Rxd3+ 34. Kxd3 Bc4+ 35. Ke3 Rxa2 36. f4 Nc2+ 37. Kf3 Ne1+ 38. Ke3 f6 39. g4 Rg2 40. g5 Nc2+ 41. Kf3 Ne1+ 42. Ke3 exf4+ 43. Kd4 Be6 44. gxf6 f3 45. Ke5 f2 46. Ne2 Rh2 47. Kxe6 Rxh1 48. Nf4+ Kh7 49. f7 Rxh6+ 50. Ke7 Rf6 51. Kxf6 f1=Q 52. f8=Q Qxf4+ 53. Ke7 Qxf8+ 54. Kxf8 Nd3 55. Ke7 a5 1-0

[Event "Kiev"]
[Site "Kiev"]
[Date "1989.??.??"]
[Round "?"]
[White "Malaniuk, Vladimir P"]
[Black "Mozes, Ervin"]
[Result "1/2-1/2"]
[WhiteElo "2560"]
[BlackElo "2415"]
[PlyCount "101"]
[EventDate "1989.??.??"]
[Source "ChessBase"]

1. d4 Nf6 2. c4 g6 3. Nc3 Bg7 4. e4 d6 5. Be2 c6 6. Bg5 a6 7. f4 b5 8. e5 b4 9. exf6 exf6 10. Bh4 bxc3 11. bxc3 O-O 12. Nf3 Qa5 13. Qd2 Nd7 14. O-O Nb6 15. Qb2 Be6 16. Nd2 Rab8 17. Qb4 Qxb4 18. cxb4 f5 19. Bf2 Na4 20. a3 c5 21. Nf3 Nc3 22. Bd3 Ne4 23. Rab1 cxd4 24. Rfc1 Nxf2 25. Kxf2 Bd7 26. Re1 Bf6 27. Bf1 Ba4 28. Bd3 Bc6 29. Rbd1 Rfe8 30. Rxe8+ Rxe8 31. Be2 Ba4 32. Rd2 Re3 33. Bd3 Bc6 34. Ne1 Ba4 35. Re2 Rxe2+ 36. Kxe2 Kf8 37. Kd2 Ke8 38. Be2 Kd7 39. Bf3 Kc7 40. Bd5 Be8 41. Kd3 Kb6 42. Nf3 a5 43. Nxd4 a4 44. Bf3 h6 45. Bd1 Bd7 46. Bf3 Be8 47. Ne2 Bb2 48. Nc3 Bxa3 49. b5 Ka5 50. Bd1 Bb4 51. Bxa4 1/2-1/2

[Event "Excelsior Cup"]
[Site "Gothenburg"]
[Date "2000.??.??"]
[Round "5"]
[White "Bekker Jensen, Simon"]
[Black "Marin, Mihail"]
[Result "1/2-1/2"]
[WhiteElo "2403"]
[BlackElo "2555"]
[PlyCount "44"]
[EventDate "2000.01.07"]
[Source "ChessBase"]
[SourceDate "2000.05.31"]

1. d4 Nf6 2. c4 c5 3. d5 d6 4. Nc3 g6 5. e4 Bg7 6. Be2 e6 7. Nf3 exd5 8. exd5 O-O 9. O-O Re8 10. h3 Na6 11. Bg5 h6 12. Be3 Bf5 13. Qd2 Kh7 14. Bd3 Qd7 15. Rfe1 Be4 16. Nxe4 Nxe4 17. Bxe4 Rxe4 18. Qc2 Rae8 19. Bd2 Re2 20. Rxe2 Rxe2 21. Re1 Rxe1+ 22. Nxe1 b5 1/2-1/2

[Event "RUS-Cup"]
[Site "Moscow"]
[Date "2000.??.??"]
[Round "5"]
[White "Balashov, Yuri S"]
[Black "Gorbatow, Alexej"]
[Result "1-0"]
[WhiteElo "2534"]
[BlackElo "2423"]
[PlyCount "45"]
[EventDate "2000.??.??"]
[Source "www.chesslib.no"]
[SourceDate "2004.05.04"]

1. d4 Nf6 2. c4 c5 3. d5 e5 4. Nc3 d6 5. e4 g6 6. Be2 Bg7 7. Bg5 O-O 8. Qd2 a6 9. h4 Qa5 10. h5 Nbd7 11. Bh6 Bxh6 12. Qxh6 Re8 13. Nf3 Nf8 14. Ng5 b5 15. O-O b4 16. Nd1 b3 17. Nc3 bxa2 18. f4 Qd8 19. f5 gxf5 20. exf5 Qe7 21. Nce4 N8d7 22. Rf3 Nxe4 23. Nxe4 1-0

[Event "Gluecksburg tt"]
[Site "Gluecksburg"]
[Date "1977.??.??"]
[Round "3"]
[White "Ogaard, Leif"]
[Black "Sigurjonsson, Gudmundur"]
[Result "1/2-1/2"]
[WhiteElo "2420"]
[BlackElo "2520"]
[PlyCount "30"]
[EventDate "1977.??.??"]
[Source "www.chesslib.no"]
[SourceDate "2004.05.04"]

1. d4 Nf6 2. c4 g6 3. Nc3 Bg7 4. e4 d6 5. Be2 Nbd7 6. f4 e5 7. fxe5 dxe5 8. dxe5 Nxe5 9. Qxd8+ Kxd8 10. Bg5 Be6 11. Nf3 Nxf3+ 12. gxf3 Kc8 13. O-O-O Nd7 14. f4 Re8 15. Rhe1 f6 1/2-1/2

[Event "CZE-chT9900"]
[Site "CZE"]
[Date "2000.??.??"]
[Round "8"]
[White "Polak, Tomas"]
[Black "Biolek, Richard"]
[Result "1/2-1/2"]
[WhiteElo "2500"]
[BlackElo "2430"]
[PlyCount "85"]
[EventDate "1999.??.??"]
[Source "www.chesslib.no"]
[SourceDate "2004.05.04"]

1. d4 Nf6 2. c4 c5 3. d5 e5 4. Nc3 d6 5. e4 g6 6. Be2 Bg7 7. h4 h5 8. Nf3 a6 9. a4 Nbd7 10. Bd2 Bh6 11. Ng5 Nf8 12. g3 Ng8 13. f4 f6 14. Nh3 Qe7 15. Qc2 Bg7 16. a5 Nh6 17. O-O-O Bg4 18. Rde1 Qc7 19. fxe5 dxe5 20. Na4 Nd7 21. Nf2 Bxe2 22. Rxe2 Nf7 23. Rg1 Nd6 24. g4 hxg4 25. Rxg4 Kf7 26. Nh3 Bh6 27. Qc3 Rag8 28. b3 Bxd2+ 29. Rxd2 Rh5 30. Rf2 Ke7 31. Rfg2 Rgh8 32. Rxg6 Rxh4 33. Rg7+ Nf7 34. Nf2 R4h7 35. Rxh7 Rxh7 36. Kb2 b5 37. axb6 Nxb6 38. Nxb6 Qxb6 39. Kc2 a5 40. Qg3 Rh8 41. Rg1 a4 42. Ra1 Rg8 43. Qxg8 1/2-1/2

[Event "Olympiad"]
[Site "Thessaloniki GRE"]
[Date "1988.??.??"]
[Round "?"]
[White "Gheorghiu, Florin"]
[Black "Ginting, Nasib"]
[Result "0-1"]
[WhiteElo "2495"]
[BlackElo "2430"]
[PlyCount "58"]
[EventDate "1988.??.??"]
[Source "www.chesslib.no"]
[SourceDate "2004.05.04"]

1. d4 Nf6 2. c4 g6 3. Nc3 Bg7 4. e4 d6 5. Be2 O-O 6. g4 c5 7. g5 Ne8 8. dxc5 Nc6 9. cxd6 Nxd6 10. f3 Bxc3+ 11. bxc3 Qa5 12. Kf2 Be6 13. Be3 Bxc4 14. h4 Rad8 15. Qf1 Bxe2 16. Nxe2 Nc4 17. Bc1 Qc5+ 18. Kg3 Rd3 19. Nf4 Rxc3 20. Nd5 Rc2 21. Qg1 Nd4 22. Nxe7+ Kg7 23. Kh3 Rd8 24. Nd5 Rxd5 25. exd5 Ne5 26. Qd1 Qc8+ 27. Kg3 Nf5+ 28. Kh3 Ne3+ 29. Kg3 Rg2+ 0-1

[Event "New York op"]
[Site "New York"]
[Date "1991.??.??"]
[Round "2"]
[White "Lautier, Joel"]
[Black "Kristensen, Bjarke"]
[Result "1-0"]
[WhiteElo "2550"]
[BlackElo "2375"]
[PlyCount "85"]
[EventDate "1991.03.??"]
[Source "ChessBase"]

1. c4 g6 2. Nc3 Bg7 3. d4 c5 4. d5 Nf6 5. e4 d6 6. Be2 O-O 7. Bf4 Re8 8. Nf3 Bg4 9. O-O Nbd7 10. h3 Bxf3 11. Bxf3 a6 12. Be2 e5 13. Be3 h5 14. Rb1 Kh7 15. g4 hxg4 16. hxg4 Rh8 17. g5 Ne8 18. Kg2 Kg8 19. Bg4 Nc7 20. Qe2 Rb8 21. b4 cxb4 22. Rxb4 a5 23. Rb2 Na6 24. Rfb1 Ndc5 25. a3 Bf8 26. Qd2 a4 27. Rh1 Rxh1 28. Kxh1 Nb3 29. Qd1 Nac5 30. Nxa4 Nxa4 31. Rxb3 Nc5 32. Bxc5 dxc5 33. Qd2 Be7 34. Qb2 Bxg5 35. Qxe5 Bf6 36. Qf4 g5 37. Qf5 Qd6 38. Rh3 Kf8 39. Bh5 Qf4 40. Rf3 Qh4+ 41. Kg2 g4 42. Bxg4 Re8 43. Rh3 1-0

[Event "Hradec Kralove"]
[Site "Hradec Kralove"]
[Date "1981.??.??"]
[Round "1"]
[White "Palatnik, Semon"]
[Black "Hausner, Ivan"]
[Result "1/2-1/2"]
[WhiteElo "2490"]
[BlackElo "2435"]
[PlyCount "62"]
[EventDate "1981.10.??"]
[Source "ChessBase"]

1. d4 Nf6 2. c4 g6 3. Nc3 Bg7 4. e4 d6 5. Be2 Nbd7 6. Bg5 e5 7. d5 h6 8. Be3 Nc5 9. f3 a5 10. Qd2 h5 11. h4 Ng8 12. O-O-O Bh6 13. g4 Bxe3 14. Qxe3 Nf6 15. g5 Nfd7 16. Rf1 O-O 17. Rh2 Qe7 18. Rhf2 c6 19. f4 exf4 20. Rxf4 Ne5 21. Nf3 Nxf3 22. Bxf3 Nd7 23. Be2 Ne5 24. Rf6 Bg4 25. Bd3 Rac8 26. Kb1 Qd8 27. Qd4 c5 28. Qe3 Qe7 29. Nb5 Rcd8 30. Qg3 b6 31. Re1 Rfe8 1/2-1/2